[Event "Michigan Open Booster"]
[Site "Lansing, MI"]
[Date "2002.09.01"]
[Round "3.41"]
[White "Avery, James"]
[Black "Williams, Marcus"]
[Result "0-1"]
[WhiteElo "744"]
[BlackElo "1227"]
[PlyCount "112"]
[EventDate "2002.08.30"]

1. e4 d5 2. exd5 Nf6 3. Nc3 Nxd5 4. Nxd5 Qxd5 5. Qe2 Nc6 6. d3 Nd4 7. Qd1 e6 8.
Be3 Qe5 9. Nf3 Nxf3+ 10. Qxf3 Qxb2 11. Qd1 Bb4+ 12. Bd2 Bxd2+ 13. Kxd2 O-O 14.
Be2 b6 15. a4 Qb4+ 16. c3 Qf4+ 17. Kc2 Bb7 18. Bf3 Bxf3 19. gxf3 c5 20. c4 Rfd8
21. Ra3 Rd4 22. Qd2 Qxf3 23. Rg1 Qf4 24. f3 Qxd2+ 25. Kxd2 Rad8 26. Rb1 Rh4 27.
Rh1 g6 28. a5 Rhd4 29. axb6 axb6 30. Rha1 Kg7 31. Rb1 R8d6 32. Ke3 e5 33. Rd1
f5 34. Ra7+ Rd7 35. Rxd7+ Rxd7 36. h4 h5 37. Rg1 Kf6 38. Rb1 Rd6 39. f4 exf4+
40. Kxf4 Rxd3 41. Rxb6+ Kg7 42. Rc6 Rd4+ 43. Ke5 Rxc4 44. Kd5 Rxh4 45. Kxc5 Re4
46. Rc7+ Kf6 47. Kd5 h4 48. Rh7 Kg5 49. Rh8 Kg4 50. Rh6 g5 51. Rf6 Re1 52. Rf7
f4 53. Rg7 f3 54. Rf7 Kg3 55. Rf5 g4 56. Kd4 f2 0-1

[Event "Michigan Open Booster"]
[Site "Lansing, MI"]
[Date "2002.09.01"]
[Round "5.11"]
[White "Avery, James"]
[Black "Shetty, Atulya"]
[Result "1-0"]
[WhiteElo "744"]
[BlackElo "1033"]
[PlyCount "145"]
[EventDate "2002.08.30"]

1. e4 c6 2. Nf3 e6 3. d4 d5 4. exd5 exd5 5. Bd3 c5 6. dxc5 Bxc5 7. O-O Qb6 8.
Re1+ Ne7 9. Be3 Bxe3 10. Rxe3 Qxb2 11. Nbd2 Qf6 12. Rb1 O-O 13. h4 Nf5 14. Bxf5
Bxf5 15. Rxb7 Qc6 16. Rb2 Rc8 17. Nd4 Qf6 18. Nxf5 Qxf5 19. Qe2 Nc6 20. g4 Qf6
21. Rb7 Qxh4 22. a4 Qd8 23. Qf3 Rc7 24. Rxc7 Qxc7 25. Qxd5 Nb4 26. Qe4 h6 27.
Qxb4 Qxc2 28. Qe4 Qxd2 29. Qxa8+ Kh7 30. Qxa7 Qd1+ 31. Kg2 Qxg4+ 32. Kf1 Qd1+
33. Re1 Qd3+ 34. Kg2 Qd5+ 35. f3 Qd2+ 36. Qf2 Qg5+ 37. Kf1 Qf6 38. a5 Qa6+ 39.
Qe2 Qxa5 40. Qd3+ f5 41. f4 g5 42. Re5 Qa1+ 43. Ke2 Qa2+ 44. Ke3 Qa7+ 45. Kd2
Qf2+ 46. Kc3 Qxf4 47. Qxf5+ Qxf5 48. Rxf5 Kg6 49. Rf1 g4 50. Kd3 h5 51. Ke3 Kg5
52. Rh1 h4 53. Kf2 h3 54. Kg3 Kf5 55. Rc1 Ke4 56. Kxg4 h2 57. Rh1 Ke3 58. Rxh2
Kd3 59. Rh1 Ke2 60. Rh3 Kd2 61. Kf4 Ke2 62. Ra3 Kd2 63. Ke4 Kc2 64. Kd4 Kb2 65.
Rh3 Kc2 66. Rg3 Kb2 67. Kc4 Kc2 68. Rg2+ Kd1 69. Kd3 Kc1 70. Rh2 Kb1 71. Kc3
Ka1 72. Kb3 Kb1 73. Rh1# 1-0

[Event "Michigan Open Booster"]
[Site "Lansing, MI"]
[Date "2002.09.01"]
[Round "1.43"]
[White "Avery, James"]
[Black "Bultema, Luke"]
[Result "1-0"]
[WhiteElo "774"]
[BlackElo "1221"]
[PlyCount "49"]
[EventDate "2002.08.30"]

1. e4 c5 2. Nf3 b6 3. Nc3 Bb7 4. d4 cxd4 5. Qxd4 Nc6 6. Qc4 e6 7. Bf4 Bc5 8.
Be3 Bxe3 9. fxe3 f6 10. O-O-O Nge7 11. Be2 Qc7 12. Nb5 Qd8 13. Nfd4 Nxd4 14.
exd4 Qb8 15. Bf3 Ba6 16. e5 Bxb5 17. Qxb5 a6 18. Qb3 Nc6 19. Bxc6 dxc6 20.
Qxe6+ Kf8 21. exf6 Qf4+ 22. Kb1 gxf6 23. Rhf1 Qg5 24. Rxf6+ Kg7 25. Qf7# 1-0

[Event "Michigan Open Reserve"]
[Site "Lansing, MI"]
[Date "2002.09.01"]
[Round "1.43"]
[White "Avery, Bill"]
[Black "Watkins, Matthew"]
[Result "1/2-1/2"]
[WhiteElo "1658"]
[BlackElo "1438"]
[PlyCount "102"]
[EventDate "2002.08.30"]

1. d4 d5 2. Nf3 Nf6 3. Bg5 e6 4. e3 Be7 5. Bd3 h6 6. Bh4 O-O 7. Nbd2 Nbd7 8.
O-O c5 9. c3 c4 10. Bc2 Re8 11. h3 a6 12. Bg3 b5 13. e4 dxe4 14. Nxe4 Bb7 15.
Re1 Nxe4 16. Bxe4 Bxe4 17. Rxe4 Nf6 18. Re1 Nd5 19. Qd2 Bd6 20. Ne5 Qc7 21. Re4
f6 22. Ng6 Bxg3 23. fxg3 Qxg3 24. Rg4 Qe3+ 25. Qxe3 Nxe3 26. Rg3 Nf5 27. Rf3
Ne7 28. Nf4 Nc6 29. Nh5 Rad8 30. Rg3 Kh8 31. Rxg7 e5 32. Rc7 Re6 33. Ng7 Red6
34. Nf5 R8d7 35. Rc8+ Rd8 36. Rxd8+ Rxd8 37. Nxh6 Kg7 38. Nf5+ Kg6 39. Nh4+ Kg5
40. Nf3+ Kf4 41. dxe5 fxe5 42. Kf2 e4 43. g3+ Kf5 44. Nh4+ Kg5 45. Re1 Rd2+ 46.
Re2 Rxe2+ 47. Kxe2 Ne5 48. Ke3 Nd3 49. b3 cxb3 50. axb3 Nc5 51. b4 Na4 1/2-1/2

[Event "Michigan Open Reserve"]
[Site "Lansing, MI"]
[Date "2002.09.01"]
[Round "3.44"]
[White "Avery, Bill"]
[Black "Monge, Jeff"]
[Result "1-0"]
[WhiteElo "1658"]
[BlackElo "1575"]
[PlyCount "71"]
[EventDate "2002.08.30"]

1. d4 Nf6 2. Nf3 b6 3. Bg5 e6 4. e3 h6 5. Bh4 g5 6. Bg3 Bb7 7. Nbd2 d6 8. Bd3
Nbd7 9. e4 g4 10. Ng1 h5 11. f3 Qe7 12. Qe2 O-O-O 13. O-O-O e5 14. d5 Nc5 15.
Bc4 Qd7 16. Nb3 Nxb3+ 17. Bxb3 c6 18. dxc6 Bxc6 19. Qc4 Bh6+ 20. Kb1 Rhf8 21.
Bh4 Bg7 22. Ne2 Kb7 23. Ng3 d5 24. exd5 Nxd5 25. Bxd8 Rxd8 26. Nxh5 Bh8 27.
Qxg4 f5 28. Qc4 Qf7 29. Ng3 b5 30. Qe2 Qf6 31. Bxd5 Bxd5 32. Qxb5+ Qb6 33. Rxd5
Rxd5 34. Qxd5+ Ka6 35. Rd1 Qb8 36. Qd6+ 1-0

[Event "Michigan Open Reserve"]
[Site "Lansing, MI"]
[Date "2002.09.01"]
[Round "5.29"]
[White "Asbury, Victor"]
[Black "Vorhauer, Sam"]
[Result "0-1"]
[WhiteElo "1557"]
[BlackElo "1381"]
[PlyCount "99"]
[EventDate "2002.08.30"]

1. c4 c5 2. Nc3 Nc6 3. g3 Nf6 4. Bg2 e6 5. e4 Be7 6. Nf3 d6 7. O-O O-O 8. d3
Nd4 9. Be3 Nxf3+ 10. Bxf3 a6 11. a4 Bd7 12. Bg2 Bc6 13. f4 Nd7 14. d4 cxd4 15.
Bxd4 Bf6 16. b3 Re8 17. Qd2 Qc7 18. Rad1 Rad8 19. b4 b6 20. b5 Bb7 21. Qe2 e5
22. Be3 exf4 23. Bxf4 Be5 24. Nd5 Bxd5 25. cxd5 Nc5 26. Rc1 a5 27. Rc4 f6 28.
Rfc1 Qe7 29. Be3 f5 30. Qh5 g6 31. Qg5 Bf6 32. Qf4 Be5 33. Qf2 fxe4 34. Bxe4
Rf8 35. Qd2 Rf7 36. Bg2 Qf8 37. Bh6 Bg7 38. Bg5 Re8 39. Bh3 Nb3 40. Qc2 Nxc1
41. Be6 Rxe6 42. dxe6 Rf1+ 43. Kg2 Qf3+ 44. Kh3 Rf2 45. Rc8+ Bf8 46. Qxf2 Qxf2
47. e7 Qf5+ 48. g4 Qxc8 49. exf8=Q+ Qxf8 50. Bxc1 0-1

[Event "Michigan Open Reserve"]
[Site "Lansing, MI"]
[Date "2002.09.01"]
[Round "4.43"]
[White "Aldrich, Justin"]
[Black "Watkins, Matthew"]
[Result "0-1"]
[WhiteElo "1610"]
[BlackElo "1438"]
[PlyCount "88"]
[EventDate "2002.08.30"]

1. e4 d6 2. Nf3 Nf6 3. Nc3 g6 4. Bc4 Bg7 5. h3 O-O 6. d3 Nbd7 7. O-O a6 8. a3
c5 9. Nh2 Ne5 10. Ba2 b5 11. f4 Ned7 12. f5 Bb7 13. fxg6 hxg6 14. Ng4 Qb6 15.
Be3 Nxg4 16. Qxg4 Ne5 17. Qh4 e6 18. Ne2 Qc6 19. Bh6 c4 20. Bxg7 Kxg7 21. Qf6+
Kg8 22. Rf4 Nd7 23. Qg5 cxd3 24. Bxe6 Qc5+ 25. Qxc5 Nxc5 26. Bxf7+ Rxf7 27.
Rxf7 Kxf7 28. cxd3 Nxd3 29. Rd1 Bxe4 30. Ng3 d5 31. Nxe4 dxe4 32. b4 Rc8 33.
Rf1+ Ke6 34. h4 Rc1 35. Rxc1 Nxc1 36. Kf2 Ke5 37. Ke3 Nd3 38. g4 Nb2 39. h5
Nc4+ 40. Kf2 e3+ 41. Ke2 gxh5 42. gxh5 Kf5 43. Kd3 Kg5 44. a4 bxa4 0-1

[Event "Michigan Open Reserve"]
[Site "Lansing, MI"]
[Date "2002.09.01"]
[Round "3.43"]
[White "Aldrich, Justin"]
[Black "Hershberger, Kent"]
[Result "1/2-1/2"]
[WhiteElo "1610"]
[BlackElo "1474"]
[PlyCount "78"]
[EventDate "2002.08.30"]

1. e4 e5 2. Nf3 Nf6 3. Nc3 d6 4. h3 Be7 5. Bc4 O-O 6. O-O Nxe4 7. Nxe4 d5 8.
Nxe5 dxe4 9. d3 exd3 10. Qxd3 Qxd3 11. Nxd3 Bf5 12. c3 Nd7 13. Re1 Bf6 14. Bf4
Nb6 15. Ne5 Bxe5 16. Rxe5 Bxh3 17. Bb3 Be6 18. Bxe6 fxe6 19. Be3 Rfe8 20. Bxb6
axb6 21. a3 Ra5 22. Re4 Rd5 23. Rae1 Kf7 24. R1e2 c6 25. Rf4+ Rf5 26. Rb4 Rb5
27. Rxb5 cxb5 28. Re5 Rc8 29. Rxb5 Rc6 30. f4 Kf6 31. Kf2 g6 32. Kf3 h5 33. g4
hxg4+ 34. Kxg4 Rd6 35. Kf3 Rc6 36. a4 Rd6 37. Ke4 Rc6 38. a5 Rc4+ 39. Kf3 bxa5
1/2-1/2

[Event "Michigan Open"]
[Site "Lansing, MI"]
[Date "2002.09.01"]
[Round "5.17"]
[White "Aldrich, Jeff"]
[Black "Thomas, Henry"]
[Result "0-1"]
[WhiteElo "1907"]
[BlackElo "1774"]
[PlyCount "72"]
[EventDate "2002.08.30"]

{Dutch: Indian} 1. d4 f5 2. g3 Nf6 3. Bg2 e6 4. Nf3 Be7 5. O-O O-O 6. Bg5 a5 7.
Nbd2 Na6 8. Re1 d5 9. Ne5 c5 10. Ndf3 cxd4 11. Nxd4 Nc5 12. c3 Nce4 13. Bxf6
Bxf6 14. Nd3 Qb6 15. e3 Bd7 16. f3 Ng5 17. Rb1 Kh8 18. h4 Nf7 19. Nf2 e5 20.
Nc2 Bc6 21. Qd2 g5 22. hxg5 Nxg5 23. f4 Ne4 24. Nxe4 fxe4 25. Qf2 Rg8 26. Bh3
Bh4 27. Kh1 Rxg3 28. Qh2 exf4 29. exf4 Rag8 30. Be6 d4 31. Qxh4 e3+ 32. Kh2
Rg2+ 33. Kh3 R8g6 34. f5 Qc7 35. Qd8+ Qxd8 36. fxg6 Qg5 0-1

[Event "Michigan Open Booster"]
[Site "Lansing, MI"]
[Date "2002.09.01"]
[Round "4.6"]
[White "Aguilar, Javier"]
[Black "Gladieux, Kate"]
[Result "1-0"]
[WhiteElo "1213"]
[BlackElo "773"]
[PlyCount "107"]
[EventDate "2002.08.30"]

1. d4 d5 2. c4 c6 3. Nf3 Bg4 4. Nc3 e6 5. cxd5 cxd5 6. e3 Nf6 7. Be2 g6 8. Ne5
Bf5 9. Bb5+ Nbd7 10. Qa4 Bg7 11. O-O a6 12. Bxd7+ Nxd7 13. Nxd7 b5 14. Qd1 Qxd7
15. Bd2 O-O 16. Rc1 a5 17. Ne2 b4 18. Ng3 Bd3 19. Re1 h6 20. Qb3 Bc4 21. Qc2
Bxa2 22. Qc7 Qxc7 23. Rxc7 Bc4 24. Ra1 Rfb8 25. Rc5 a4 26. h3 Bf8 27. Rc7 Bd6
28. Rc6 Bxg3 29. fxg3 h5 30. Rc5 a3 31. bxa3 bxa3 32. Ra5 Rxa5 33. Bxa5 Rb3 34.
Kf2 Kf8 35. Rxa3 Rb2+ 36. Ke1 Rxg2 37. Bd8 Rxg3 38. Ra8 Rxe3+ 39. Kd1 Rd3+ 40.
Kc1 Kg7 41. h4 Rxd4 42. Bg5 e5 43. Rd8 Re4 44. Rd6 Re1+ 45. Kd2 Rf1 46. Kc3 f6
47. Rd7+ Kf8 48. Bh6+ Ke8 49. Rg7 Rf3+ 50. Kb4 Rg3 51. Kc5 e4 52. Kd6 e3 53.
Rg8+ Kf7 54. Rf8# 1-0

[Event "Michigan Open"]
[Site "Lansing, MI"]
[Date "2002.09.02"]
[Round "6.10"]
[White "Zubatch, Steve"]
[Black "Karakus, Köksal"]
[Result "0-1"]
[WhiteElo "1811"]
[BlackElo "1918"]
[PlyCount "96"]
[EventDate "2002.08.30"]

1. e4 c5 2. Nf3 d6 3. Nc3 Nf6 4. d4 cxd4 5. Nxd4 g6 6. f3 Bg7 7. Be3 O-O 8. Qd2
Nc6 9. Bc4 Bd7 10. a3 Ne5 11. Ba2 Rc8 12. O-O-O Nc4 13. Bxc4 Rxc4 14. Qd3 Qc8
15. Bg5 Qc5 16. Bxf6 Bxf6 17. Nb3 Qg5+ 18. Nd2 Rxc3 19. bxc3 Rc8 20. c4 b5 21.
cxb5 Bxb5 22. Qd5 Qxd5 23. exd5 Ba4 24. c4 Bxd1 25. Kxd1 Bc3 26. Re1 Kf8 27.
Re2 Bxd2 28. Kxd2 Rxc4 29. Kd3 Ra4 30. Ra2 f5 31. h3 Kf7 32. Kc3 Kf6 33. Ra1 h6
34. Ra2 g5 35. Ra1 h5 36. Ra2 h4 37. Ra1 Ke5 38. Re1+ Kf4 39. Kb3 Rd4 40. Rxe7
a5 41. Re2 Rxd5 42. Kc4 Rc5+ 43. Kd4 Rc1 44. Ra2 Rd1+ 45. Kc4 Ke3 46. Kb5 d5
47. Kxa5 Rb1 48. a4 d4 0-1

[Event "Michigan Open Booster"]
[Site "Lansing, MI"]
[Date "2002.09.02"]
[Round "7.7"]
[White "Williams, Marcus"]
[Black "Pratt, Gary"]
[Result "0-1"]
[WhiteElo "1227"]
[BlackElo "988"]
[PlyCount "30"]
[EventDate "2002.08.30"]

1. d4 Nf6 2. Nf3 c5 3. e3 cxd4 4. exd4 d5 5. Bd3 Bg4 6. Nbd2 e6 7. O-O Nc6 8.
c3 Bd6 9. Qc2 O-O 10. Re1 Rc8 11. Ne5 Bh5 12. f4 Kh8 13. Re3 Bg6 14. Bxg6 fxg6
15. Rh3 Ne4 {Remainder illegible} 0-1

[Event "Michigan Open"]
[Site "Lansing, MI"]
[Date "2002.09.02"]
[Round "6.6"]
[White "Whitten, Jason"]
[Black "Everett, Morgan"]
[Result "1-0"]
[WhiteElo "2169"]
[BlackElo "2077"]
[PlyCount "75"]
[EventDate "2002.08.30"]

1. e4 e5 2. Nf3 Nc6 3. Bb5 a6 4. Ba4 d6 5. c3 Nge7 6. O-O Bd7 7. d4 Ng6 8. Re1
Be7 9. Nbd2 b5 10. Bb3 h6 11. Nf1 Bg5 12. Ne3 Bxe3 13. Bxe3 O-O 14. h3 Na5 15.
Bc2 Nc4 16. Bc1 Qf6 17. b3 Nb6 18. Nh2 Rfd8 19. Re3 Qh4 20. Rg3 a5 21. Nf3 Qf6
22. Be3 a4 23. Rc1 Kh8 24. Bb1 Nc8 25. b4 Nce7 26. Qd2 Nf4 27. Ne1 Neg6 28. Kh2
Rac8 29. Nd3 Be6 30. d5 Bd7 31. Bxf4 Nxf4 32. Rf3 g5 33. Nxf4 gxf4 34. g3 Qg5
35. gxf4 exf4 36. Qxf4 Qxf4+ 37. Rxf4 Rf8 38. c4 1-0

[Event "Michigan Open Reserve"]
[Site "Lansing, MI"]
[Date "2002.09.02"]
[Round "6.28"]
[White "Whatling, David"]
[Black "Forshee, Dan"]
[Result "1/2-1/2"]
[WhiteElo "1266"]
[BlackElo "1370"]
[PlyCount "70"]
[EventDate "2002.08.30"]

1. e4 e5 2. f4 Bc5 3. Nf3 d6 4. Bc4 Bg4 5. c3 Nc6 6. h3 Bd7 7. d4 exd4 8. cxd4
Bb4+ 9. Nc3 Bxc3+ 10. bxc3 Qc8 11. e5 dxe5 12. Nxe5 Nxe5 13. fxe5 Ne7 14. Qf3
O-O 15. O-O Nf5 16. Bd2 b5 17. Bb3 c5 18. Bc2 g6 19. Bxf5 Bxf5 20. g4 Bd7 21.
Bh6 f5 22. Bxf8 Qxf8 23. gxf5 Bxf5 24. d5 Re8 25. e6 Qd6 26. Rad1 Re7 27. Qf4
Qd8 28. Qg5 Qd6 29. Rxf5 Rxe6 30. dxe6 Qxd1+ 31. Rf1 Qd6 32. Qf6 Qg3+ 33. Kh1
Qxh3+ 34. Kg1 Qg3+ 35. Kh1 Qh3+ 1/2-1/2

[Event "Michigan Open Reserve"]
[Site "Lansing, MI"]
[Date "2002.09.02"]
[Round "6.6"]
[White "West, Tony"]
[Black "Grzegorczyk, Ron"]
[Result "1-0"]
[WhiteElo "1756"]
[BlackElo "1578"]
[PlyCount "49"]
[EventDate "2002.08.30"]

1. e4 c5 2. c3 e5 3. Nf3 Nc6 4. d4 cxd4 5. cxd4 Bb4+ 6. Bd2 Qa5 7. dxe5 Nxe5 8.
Nxe5 Bxd2+ 9. Qxd2 Qxe5 10. Nc3 Nf6 11. Bd3 O-O 12. O-O d5 13. exd5 Nxd5 14.
Nxd5 Rd8 15. Rfe1 Qxd5 16. Re8+ Rxe8 17. Bxh7+ Kxh7 18. Qxd5 Be6 19. Qxb7 Bxa2
20. h3 Be6 21. Rxa7 Rab8 22. Qe4+ g6 23. Qe5 Rb3 24. h4 Reb8 25. Qxe6 1-0

[Event "Michigan Open Reserve"]
[Site "Lansing, MI"]
[Date "2002.09.02"]
[Round "7.17"]
[White "West, Aaron"]
[Black "Jones, Avery"]
[Result "1-0"]
[WhiteElo "1427"]
[BlackElo "1671"]
[PlyCount "103"]
[EventDate "2002.08.30"]

1. e4 c6 2. Nf3 d5 3. exd5 cxd5 4. d4 Nf6 5. Nc3 Bg4 6. Bf4 a6 7. Be2 e6 8. h3
Bh5 9. Nh2 Bxe2 10. Nxe2 Nc6 11. c3 Be7 12. O-O O-O 13. Ng3 Re8 14. Re1 Rc8 15.
Ng4 g6 16. Nxf6+ Bxf6 17. Qg4 Bg7 18. Re3 f5 19. Qe2 b5 20. Rxe6 Qd7 21. Re1
Kf7 22. Rxe8 Rxe8 23. Qxe8+ Qxe8 24. Rxe8 Kxe8 25. Bc7 Bh6 26. Ne2 Kd7 27. Bf4
Bxf4 28. Nxf4 Kd6 29. Kf1 b4 30. Ke2 bxc3 31. bxc3 Na5 32. Nd3 Nc4 33. Kf3 Na3
34. Nc5 Nb1 35. Nxa6 Nxc3 36. Nb4 Kc7 37. Kf4 Kd6 38. Kg5 Ke6 39. g4 fxg4 40.
Kxg4 h6 41. Kf4 Ne2+ 42. Ke3 Nc3 43. f3 Nb5 44. a4 Nc7 45. a5 Kf5 46. a6 Kg5
47. a7 Kh4 48. Kf2 Kxh3 49. Nxd5 Na8 50. Nf4+ Kh4 51. Ne6 g5 52. d5 1-0

[Event "Michigan Open Reserve"]
[Site "Lansing, MI"]
[Date "2002.09.02"]
[Round "6.18"]
[White "Watkins, Matthew"]
[Black "Hazzard, Bill"]
[Result "1/2-1/2"]
[WhiteElo "1438"]
[BlackElo "1573"]
[PlyCount "220"]
[EventDate "2002.08.30"]

1. e4 c5 2. Nf3 d6 3. d4 cxd4 4. Nxd4 Nf6 5. Nc3 a6 6. Bc4 e6 7. Be3 Be7 8. h3
Bd7 9. O-O Nc6 10. Nf3 O-O 11. Re1 b5 12. Bd3 Ne5 13. Nxe5 dxe5 14. a3 Rc8 15.
Qf3 Qc7 16. Qg3 Rfe8 17. Bh6 Bf8 18. Bg5 Nh5 19. Qg4 Nf4 20. Bxf4 exf4 21. e5
f3 22. Qxf3 Bc6 23. Qg3 g6 24. Ne4 Bxe4 25. Rxe4 Bg7 26. Rae1 Rcd8 27. a4 Rd5
28. axb5 axb5 29. Qe3 Red8 30. Qe2 Qb6 31. Qe3 Qc6 32. f4 Bf8 33. Kh1 b4 34.
Rc4 Qd7 35. Be4 Rd4 36. Rxd4 Qxd4 37. Qxd4 Rxd4 38. g3 Be7 39. b3 Kg7 40. Bd3
h5 41. Kg2 h4 42. Ra1 hxg3 43. Kxg3 f5 44. Ra7 Kf8 45. Ra6 g5 46. fxg5 Bxg5 47.
Rxe6 Kf7 48. Rd6 Bf4+ 49. Kf3 Bxe5 50. Rxd4 Bxd4 51. Bxf5 Kf6 52. Kg4 Be5 53.
h4 Bc3 54. h5 Kg7 55. Bg6 Bd2 56. Kf5 Bc3 57. Ke4 Kh6 58. Ke3 Kg7 59. Bd3 Kh6
60. Be2 Kg5 61. Ke4 Kh6 62. Kf5 Kg7 63. Kg5 Bd2+ 64. Kg4 Bc3 65. Kf5 Kh6 66.
Ke6 Kg7 67. Ke7 Bd2 68. Ke6 Bc3 69. Kf5 Kh6 70. Bg4 Bd4 71. Ke4 Bc3 72. Kd3 Kg7
73. Bd7 Kh6 74. Be8 Kg7 75. Ke2 Kh6 76. Kf2 Kg7 77. Kf3 Kh6 78. Kg4 Kg7 79. Kg5
Bd2+ 80. Kh4 Bc3 81. Bg6 Kh6 82. Kg4 Bd2 83. c4 bxc3 84. Bc2 Bg5 85. b4 Bd8 86.
Bd1 Bb6 87. Bc2 Bd8 88. Bg6 Bb6 89. b5 Kg7 90. Kg5 Be3+ 91. Kg4 Kh6 92. Kf3 Bb6
93. Ke2 Kg7 94. Kd3 Ba5 95. Kc2 Kh6 96. Kb3 Kg7 97. Bd3 Kh6 98. Be2 Kg5 99. Bd1
Kh6 100. Ka4 Bb6 101. Kb4 c2 102. Bxc2 Kxh5 103. Kc4 Kg5 104. Kd5 Kf6 105. Kc6
Bg1 106. Kb7 Ke6 107. Be4 Kd6 108. Bc6 Bf2 109. Ka6 Kc7 110. Bh1 Be3 1/2-1/2

[Event "Michigan Open Reserve"]
[Site "Lansing, MI"]
[Date "2002.09.02"]
[Round "6.27"]
[White "Vorhauer, Sam"]
[Black "Guilfoyle, Jeff"]
[Result "0-1"]
[WhiteElo "1381"]
[BlackElo "1353"]
[PlyCount "84"]
[EventDate "2002.08.30"]

1. d4 d5 2. e3 Nf6 3. Nf3 Nc6 4. c3 Bg4 5. Bd3 e5 6. dxe5 Nxe5 7. Qa4+ Nc6 8.
Ne5 Bd7 9. Nxd7 Qxd7 10. Qb3 Na5 11. Qc2 Bd6 12. b4 Nc4 13. Nd2 b5 14. Bf5 Qe7
15. Nf3 O-O 16. O-O Ne4 17. Bxe4 dxe4 18. Nd4 a6 19. Nf5 Qe5 20. Nxd6 Nxd6 21.
Bb2 Nc4 22. Rad1 Qe7 23. Rd4 f5 24. Rfd1 Rad8 25. Qe2 Rd6 26. Bc1 Qe6 27. Rxd6
cxd6 28. f4 Qf6 29. Rd4 Rc8 30. Bd2 g5 31. g3 gxf4 32. exf4 Qg6 33. Kg2 Kf8 34.
Be3 Qg4 35. Qxg4 Nxe3+ 36. Kh1 Nxg4 37. Rxd6 e3 38. h3 e2 39. Re6 Re8 40. Rxe2
Rxe2 41. hxg4 fxg4 42. a4 bxa4 0-1

[Event "Michigan Open"]
[Site "Lansing, MI"]
[Date "2002.09.02"]
[Round "6.4"]
[White "Viswanathan, Kartik"]
[Black "Hamood, Al"]
[Result "1/2-1/2"]
[WhiteElo "2148"]
[BlackElo "2033"]
[PlyCount "110"]
[EventDate "2002.08.30"]

1. d4 d5 2. c4 c6 3. Nf3 Nf6 4. Nc3 dxc4 5. a4 Bf5 6. Ne5 Nbd7 7. Nxc4 Qc7 8.
g3 e5 9. dxe5 Nxe5 10. Bf4 Nfd7 11. Bg2 f6 12. O-O Nc5 13. e4 Bg6 14. Qe2 Be7
15. Nxe5 fxe5 16. Be3 Bf7 17. f4 O-O 18. fxe5 Nb3 19. Rad1 Qxe5 20. Rf5 Qc7 21.
Bh3 Bf6 22. e5 Bxe5 23. Ne4 Rad8 24. Rxd8 Rxd8 25. Ng5 Nd4 26. Bxd4 Bxd4+ 27.
Kh1 Re8 28. Qg4 Bd5+ 29. Rxd5 cxd5 30. Qd1 Qc6 31. Bg2 h6 32. Nh3 Qc5 33. Nf4
Bf2 34. Bxd5+ Kh8 35. Ng6+ Kh7 36. Qd3 Re1+ 37. Kg2 Rg1+ 38. Kf3 Qe3+ 39. Qxe3
Bxe3 40. Nf8+ Kh8 41. Kxe3 Re1+ 42. Kd4 Re2 43. b4 b6 44. h4 Rc2 45. h5 g5 46.
hxg6 Rd2+ 47. Kc4 Kg7 48. Nd7 Kxg6 49. Ne5+ Kf6 50. Nc6 a6 51. Nd4 Rd1 52. Bb7
a5 53. bxa5 bxa5 54. Bf3 Ra1 55. Kb5 Ra3 1/2-1/2

[Event "Michigan Open"]
[Site "Lansing, MI"]
[Date "2002.09.02"]
[Round "7.6"]
[White "Vandivier, Don"]
[Black "Gabbara, Faris"]
[Result "0-1"]
[WhiteElo "1963"]
[BlackElo "2040"]
[PlyCount "40"]
[EventDate "2002.08.30"]

1. e4 e5 2. Nf3 Nf6 3. Bc4 Nxe4 4. Nc3 Nxc3 5. dxc3 f6 6. Nh4 g6 7. f4 Qe7 8.
f5 Qg7 9. fxg6 hxg6 10. Qg4 Kd8 11. g3 d5 12. Qd1 c6 13. Bxd5 cxd5 14. Qxd5+
Kc7 15. Be3 g5 16. O-O-O Nc6 17. Nf3 Qg8 18. Qe4 Qxa2 19. Bxg5 fxg5 20. Nxe5
Qe6 0-1

[Event "Michigan Open Booster"]
[Site "Lansing, MI"]
[Date "2002.09.02"]
[Round "7.15"]
[White "Tyle, Sheel"]
[Black "Shetty, Atulya"]
[Result "1-0"]
[WhiteElo "781"]
[BlackElo "1033"]
[PlyCount "59"]
[EventDate "2002.08.30"]

1. d4 d5 2. c4 e6 3. cxd5 exd5 4. Nf3 Bf5 5. Bf4 Nc6 6. e3 Nf6 7. Nc3 Bb4 8.
Bb5 Ne4 9. Qb3 a5 10. O-O O-O 11. Nxd5 Be6 12. Bc4 a4 13. Qc2 Bxd5 14. Bxc7
Qxc7 15. Bxd5 Nf6 16. Ng5 Rac8 17. Be4 Nxe4 18. Qxe4 f6 19. Qd5+ Kh8 20. Ne6
Ne7 21. Qb5 Qc6 22. Qxc6 Nxc6 23. Nxf8 Rxf8 24. Rfc1 g5 25. d5 Ne7 26. Rd1 Rd8
27. Rac1 Nxd5 28. Rc4 Ba5 29. Rc5 Re8 30. Rdxd5 1-0

[Event "Michigan Open"]
[Site "Lansing, MI"]
[Date "2002.09.02"]
[Round "7.14"]
[White "Thomas, Henry"]
[Black "Zubatch, Steve"]
[Result "0-1"]
[WhiteElo "1774"]
[BlackElo "1811"]
[PlyCount "104"]
[EventDate "2002.08.30"]

1. e4 g6 2. d4 Bg7 3. f4 d6 4. Nf3 c5 5. Bc4 cxd4 6. Nxd4 Qb6 7. c3 Nc6 8. Nf3
Nh6 9. Qe2 O-O 10. Be3 Qc7 11. O-O Ng4 12. Nbd2 Nxe3 13. Qxe3 Bh6 14. Ng5 e6
15. Rf3 e5 16. f5 Qb6 17. Qxb6 axb6 18. Rg3 Kg7 19. Rf1 f6 20. Ngf3 Bf4 21. Rg4
g5 22. h4 h5 23. Rxf4 gxf4 24. Nh2 Bd7 25. a3 Be8 26. Rf3 Na5 27. g3 fxg3 28.
Rxg3+ Kh7 29. Ba2 b5 30. Kf2 Bf7 31. Bxf7 Rxf7 32. Rg6 Rg8 33. Rxg8 Kxg8 34.
Nhf1 Nc4 35. Nxc4 bxc4 36. Ne3 b5 37. Nd5 Kg7 38. Nb4 Rf8 39. Na6 Rc8 40. Nb4
Kf7 41. Nd5 Rc5 42. Kf3 Rxd5 43. exd5 Ke7 44. Ke3 Kd7 45. Kd2 Kc7 46. Ke2 Kb6
47. Ke3 Ka5 48. Kd2 Ka4 49. Kc2 e4 50. Kd2 Kb3 51. Ke3 Kxb2 52. Kxe4 Kxc3 0-1

[Event "Michigan Open Booster"]
[Site "Lansing, MI"]
[Date "2002.09.02"]
[Round "6.11"]
[White "Thach, Scott"]
[Black "Vasos, John"]
[Result "0-1"]
[WhiteElo "1141"]
[BlackElo "1176"]
[PlyCount "188"]
[EventDate "2002.08.30"]

1. e4 e5 2. Nf3 Nc6 3. d4 exd4 4. Nxd4 Bb4+ 5. c3 Ba5 6. Nxc6 bxc6 7. Bd3 Nf6
8. Bg5 h6 9. Bxf6 Qxf6 10. O-O O-O 11. Re1 Qe5 12. Nd2 Rb8 13. g3 Bb6 14. Nf3
Qc5 15. Qd2 d6 16. a4 a5 17. b4 Qh5 18. Be2 axb4 19. cxb4 Qg6 20. Bd3 Qf6 21.
Nh4 Re8 22. Kg2 Bd4 23. Rac1 Bb7 24. f3 Bb2 25. Rc2 Bd4 26. Nf5 Ba7 27. Rc3 d5
28. e5 Rxe5 29. Rxe5 Qxe5 30. Nxh6+ gxh6 31. Qxh6 Qg7 32. Qxg7+ Kxg7 33. h4 Re8
34. Rc1 Bd4 35. g4 Re3 36. Bf5 Re2+ 37. Kg3 Bf2+ 38. Kh3 Be3 39. Rb1 Bf4 40. g5
Ba6 41. b5 cxb5 42. axb5 Bb7 43. Kg4 Be3 44. Rf1 Rg2+ 45. Kh3 Rb2 46. Bd7 d4
47. Kg3 d3 48. Rd1 d2 49. Bc6 Bc8 50. h5 Bxg5 51. f4 Bf6 52. Kf2 Bg4 53. Bf3
Bh4+ 54. Ke2 Bf5 55. Rxd2 Rxb5 56. Kf1 Bh3+ 57. Ke2 c5 58. Rc2 Bf5 59. Rc1 Rb2+
60. Kd1 Rb1 61. Rxb1 Bxb1 62. Be2 Kf6 63. Kc1 Bh7 64. Kd2 Ke7 65. Ke3 Bf6 66.
Bd3 Bd4+ 67. Kd2 f5 68. Ke2 Kd6 69. Kf3 Kd5 70. Kg3 c4 71. Bc2 Bb2 72. Kh4 Bf6+
73. Kg3 Kd4 74. Kf3 Kc3 75. Ba4 Kd2 76. Kf2 c3 77. Kf3 Bg8 78. h6 Bd5+ 79. Kf2
Bd4+ 80. Kg3 Kd3 81. Bd1 Ke4 82. Kh4 Kxf4 83. Kh5 Bf3+ 84. Kh4 Bf2+ 85. Kh3
Bxd1 86. h7 Bd4 87. Kh4 c2 88. Kh3 c1=Q 89. h8=Q Bxh8 90. Kh4 Bf6+ 91. Kh3 Bg4+
92. Kh2 Qd2+ 93. Kh1 Bf3+ 94. Kg1 Qg2# 0-1

[Event "Michigan Open Reserve"]
[Site "Lansing, MI"]
[Date "2002.09.02"]
[Round "6.24"]
[White "Swathell, Gary"]
[Black "West, Aaron"]
[Result "0-1"]
[WhiteElo "1500"]
[BlackElo "1427"]
[PlyCount "84"]
[EventDate "2002.08.30"]

1. Nf3 Nf6 2. c4 g6 3. g3 Bg7 4. Bg2 O-O 5. O-O d6 6. d4 Nbd7 7. Nc3 Re8 8. Bg5
e5 9. dxe5 Nxe5 10. Nxe5 Rxe5 11. Nd5 Rxg5 12. Nxf6+ Bxf6 13. h4 Re5 14. f4 Re8
15. e4 Bxb2 16. Rb1 Bg7 17. h5 Qf6 18. hxg6 Qd4+ 19. Qxd4 Bxd4+ 20. Kh2 hxg6
21. g4 Bxg4 22. Kg3 Bd7 23. f5 Kg7 24. fxg6 fxg6 25. Rf3 Rxe4 26. Rxb7 Rg4+ 27.
Kh2 Rh8+ 28. Bh3 Bb6 29. c5 dxc5 30. Re3 Rg2+ 31. Kxg2 Bc6+ 32. Kg3 Bxb7 33.
Re7+ Kf6 34. Re6+ Kf7 35. Re1 c4 36. Rc1 Rd8 37. Rxc4 Rd3+ 38. Kh2 Rd2+ 39. Kg3
Bf2+ 40. Kh2 Bh4+ 41. Kg1 Rd1+ 42. Bf1 Rxf1+ {Remainder illegible, 50?} 0-1